000 01795cam a22004217a 4500
999 _c529864
_d529864
001 13837763
003 NUST
005 20191004101615.0
008 050110s2005 dcudk b 000 0 eng d
010 _a 2005920333
020 _a0309097452 (pbk.)
035 _a(OCoLC)ocm60342909
038 _aMSOHAIL
040 _aTRL
_cTRL
_dTDG
_dIQU
_dDLC
042 _alccopycat
043 _an-us---
050 0 0 _aTA181.U6
_bS65 2005
082 _a0
100 1 _aSmith, Gary R.
_q(Gary Roderick),
_d1953-
_922297
245 1 0 _aManagement of disadvantaged business enterprise issues in construction contracting /
_cconsultant, Gary Smith.
260 _aWashington, D.C. :
_bTransportation Research Board, National Research Council,
_c2005.
300 _a97 p. :
_bcharts, forms ;
_c28 cm.
490 1 _aNCHRP synthesis,
_x0547-5570 ;
_v343
504 _aIncludes bibliographical references.
530 _aAlso available online.
650 0 _aPublic contracts
_zUnited States.
_922821
650 0 _aConstruction contracts
_xGovernment policy
_zUnited States.
_922822
650 0 _aMinority business enterprises
_xGovernment policy
_zUnited States.
_922823
650 0 _aSmall business
_xGovernment policy
_zUnited States.
_922824
650 0 _aState transportation agencies
_zUnited States.
_922825
710 2 _aNational Cooperative Highway Research Program.
_920864
830 0 _aSynthesis of highway practice ;
_v343.
_922826
856 4 1 _3Table of contents only
_uhttp://www.loc.gov/catdir/toc/fy1001/2005920333.html
856 4 1 _uhttp://trb.org/publications/nchrp/nchrp%5Fsyn%5F343.pdf
_zAccess online version (Acrobat reader required)
906 _a7
_bcbc
_ccopycat
_d3
_eepcn
_f20
_gy-gencatlg
942 _2ddc
_cBK